000 00797nam a2200241Ia 4500
001 15436
003 GE_BSU
008 181216s||||||||xx |||||||||||||| ||und||
040 _cGE_BSU
080 _a821.353.1-31
100 _aჩადუნელი,იორამ
245 _aსაშობაო მეჯლისი. საზღაური
245 _bრომანები
245 _cრედ. ნ.იაშვილი.მხატვ.ზ. ფორჩხიძე
260 _aთბილისი
260 _bსაბჭ. საქართველო
260 _c1986
300 _a518გვ.22სმ.
653 _aრომანები
653 _aსაზღაური
653 _aსაშობაო მეჯლისი
942 _cBK
999 _c48539
_d48539